[Event "16. Sparkassen Open 2017 - Gruppe B"]
[Site "Forchheim"]
[Date "2017.09.30"]
[Round "2.1"]
[White "Siegl, Melina"]
[Black "Löllmann, Heinrich"]
[Result "1-0"]
[WhiteElo "1988"]
[BlackElo "1845"]
[PlyCount "68"]
[EventDate "2017.??.??"]
[WhiteTeam "SW Nürnberg Süd"]
[BlackTeam "SV Bubenreuth"]

1. e4 e6 2. d3 d5 3. Nd2 Nf6 4. Ngf3 b6 5. c3 Be7 6. Qc2 O-O 7. g3 c5 8. Bg2
Bb7 9. O-O Nc6 10. Re1 Rc8 11. e5 Nd7 12. Nf1 b5 13. h4 Qb6 14. N1h2 d4 15. Bf4
Rfd8 16. Qe2 Nf8 17. Ng5 Rd7 18. Qh5 Bxg5 19. hxg5 Ng6 20. Ng4 Kh8 21. Be4 Qd8
22. Kg2 Nce7 23. Rh1 Qg8 24. Rh2 Nf5 25. Rah1 Nf8 26. f3 dxc3 27. bxc3 b4 28.
c4 a5 29. Nf2 f6 30. exf6 gxf6 31. gxf6 Qg6 32. Ng4 Bxe4 33. fxe4 Nd4 34. Be5
Nf5 1-0

[Event "16. Sparkassen Open 2017 - Gruppe B"]
[Site "Forchheim"]
[Date "2017.09.30"]
[Round "2.2"]
[White "Kozik, Andreas"]
[Black "Sippl, Martin"]
[Result "1/2-1/2"]
[WhiteElo "1935"]
[BlackElo "2094"]
[PlyCount "57"]
[EventDate "2017.??.??"]
[WhiteTeam "SV Bad Bevensen"]
[BlackTeam "SC Postbauer-Heng"]

1. e4 d6 2. d4 Nf6 3. Nc3 c6 4. f4 Qa5 5. Bd3 Bg4 6. Nf3 Nbd7 7. h3 Bxf3 8.
Qxf3 e5 9. dxe5 dxe5 10. O-O Bc5+ 11. Kh1 h5 12. g3 Qc7 13. Bd2 Bd6 14. f5 Be7
15. a3 h4 16. g4 Nh7 17. Bc4 Ng5 18. Qg2 Nb6 19. Bb3 O-O-O 20. Rad1 Nd7 21. Be3
Kb8 22. Kh2 Nc5 23. Ba2 Rd4 24. Kg1 Rxd1 25. Rxd1 Rd8 26. Rxd8+ Qxd8 27. b4 Nd7
28. Bxg5 Bxg5 29. Bxf7 1/2-1/2

[Event "16. Sparkassen Open 2017 - Gruppe B"]
[Site "Forchheim"]
[Date "2017.09.30"]
[Round "2.3"]
[White "Homi, Joseph"]
[Black "Diller, Andreas"]
[Result "1/2-1/2"]
[WhiteElo "1850"]
[BlackElo "1885"]
[PlyCount "58"]
[EventDate "2017.??.??"]
[WhiteTeam "SGem Fürth"]
[BlackTeam "SK Rothenburg"]

1. e4 e6 2. d4 d5 3. Nc3 Nf6 4. Bg5 Be7 5. e5 Ne4 6. Bxe7 Qxe7 7. Nxe4 dxe4 8.
Qe2 Bd7 9. g3 c5 10. c3 cxd4 11. cxd4 Qb4+ 12. Qd2 Qxd2+ 13. Kxd2 f5 14. f3
exf3 15. Nxf3 Bc6 16. Ke3 g5 17. Rg1 h6 18. Bc4 Ke7 19. h4 Nd7 20. Rad1 Nb6 21.
b3 g4 22. Ne1 Be4 23. Nd3 Bxd3 24. Rxd3 Rac8 25. Rb1 Rhd8 26. Rdd1 Rd7 27. Rdc1
Rdc7 28. Kd2 Rd8 29. Ke3 Rdc8 1/2-1/2

[Event "16. Sparkassen Open 2017 - Gruppe B"]
[Site "Forchheim"]
[Date "2017.09.30"]
[Round "2.4"]
[White "Niebler, Paul"]
[Black "Khamenya, Vitalia"]
[Result "1-0"]
[WhiteElo "1910"]
[BlackElo "1853"]
[PlyCount "67"]
[EventDate "2017.??.??"]
[BlackTeam "SK Gräfelfing"]

1. d4 d5 2. Nf3 e6 3. e3 Bd6 4. Bd3 Nd7 5. O-O Ne7 6. e4 dxe4 7. Bxe4 Nf6 8.
Bd3 O-O 9. c4 b6 10. Bg5 Nc6 11. Nc3 h6 12. Bh4 Be7 13. Rc1 Bb7 14. Bb1 Rc8 15.
a3 Na5 16. Qd3 g6 17. Ne5 g5 18. Ng4 Ne4 19. Nxe4 f5 20. Nc3 gxh4 21. Rce1 Qd6
22. Ne5 Nb3 23. Nb5 Qd8 24. Qxb3 Bd6 25. Qe3 Kh7 26. Nxa7 Ra8 27. Nb5 Rg8 28.
f3 Qf8 29. Rf2 h3 30. Nd7 Qf7 31. Qxe6 Qxe6 32. Rxe6 Rg7 33. Bxf5+ Kh8 34.
Rxh6+ 1-0

[Event "16. Sparkassen Open 2017 - Gruppe B"]
[Site "Forchheim"]
[Date "2017.09.30"]
[Round "2.5"]
[White "Böhme, Andre"]
[Black "Hofmann, Marko"]
[Result "1/2-1/2"]
[WhiteElo "1887"]
[BlackElo "1850"]
[PlyCount "35"]
[EventDate "2017.??.??"]
[WhiteTeam "SV Hellern"]
[BlackTeam "SV Seubelsdorf"]

1. e4 e6 2. d4 d5 3. e5 c5 4. c3 Nc6 5. Nf3 Qb6 6. a3 a5 7. Be2 a4 8. O-O c4 9.
Ng5 Be7 10. Qc2 Qb3 11. Bd1 Qxc2 12. Bxc2 g6 13. Be3 h5 14. Nd2 Nh6 15. Ndf3
Nf5 16. Rfe1 Bd7 17. Bf4 Na5 18. h3 1/2-1/2

[Event "16. Sparkassen Open 2017 - Gruppe B"]
[Site "Forchheim"]
[Date "2017.09.30"]
[Round "2.6"]
[White "Paeslack, Luis"]
[Black "Gets, Alexej"]
[Result "0-1"]
[WhiteElo "1825"]
[BlackElo "1748"]
[PlyCount "158"]
[EventDate "2017.??.??"]
[WhiteTeam "TV Großostheim"]
[BlackTeam "SGem Fürth"]

1. d4 e6 2. c4 Bb4+ 3. Bd2 a5 4. Nf3 Nf6 5. g3 b6 6. Bg2 O-O 7. O-O Bb7 8. a3
Bxd2 9. Nbxd2 d6 10. Qc2 Nbd7 11. e4 e5 12. d5 a4 13. Ne1 Nc5 14. Nd3 Nfd7 15.
b4 axb3 16. Nxb3 Nxd3 17. Qxd3 Ra4 18. Bh3 Nf6 19. f4 Re8 20. Kh1 b5 21. Nd2
bxc4 22. Qc2 Ra5 23. fxe5 Rxe5 24. Qxc4 Ba6 25. Qb4 Bxf1 26. Rxf1 Rc5 27. a4
Qa8 28. Ra1 Qa6 29. a5 Qe2 30. a6 Rc2 31. a7 Rxd2 32. Qxd2 Qxd2 33. a8=Q+ Re8
34. Qc6 Qd4 35. Re1 g6 36. Bg2 Re7 37. Qc2 Nxd5 38. Rd1 Qc3 39. Qxc3 Nxc3 40.
Re1 d5 41. e5 Ne4 42. Rc1 Nf2+ 43. Kg1 Nd3 44. Rc3 Nxe5 45. Bxd5 Rd7 46. Be4 f5
47. Bc2 Kg7 48. Ba4 Re7 49. h3 Kf6 50. Kf2 g5 51. Re3 c5 52. Rc3 h5 53. Bb5 Rc7
54. Ke3 h4 55. gxh4 gxh4 56. Rc2 Ra7 57. Rc3 Rg7 58. Kf4 Ng6+ 59. Kf3 Rc7 60.
Rc2 Ne5+ 61. Ke3 Re7 62. Kf4 c4 63. Bxc4 Rc7 64. Bb3 Rb7 65. Rc3 Rb4+ 66. Ke3
f4+ 67. Kf2 Rd4 68. Rc2 Rd3 69. Bc4 Rxh3 70. Kg2 Rg3+ 71. Kh1 h3 72. Bd5 Kg5
73. Rd2 f3 74. Kh2 Kh4 75. Bb7 Ng4+ 76. Kh1 f2 77. Rd1 h2 78. Bg2 Re3 79. Bf1
Re1 0-1

[Event "16. Sparkassen Open 2017 - Gruppe B"]
[Site "Forchheim"]
[Date "2017.09.30"]
[Round "2.7"]
[White "Kocak, Ediz"]
[Black "Schmitz, Tim"]
[Result "1/2-1/2"]
[WhiteElo "1698"]
[BlackElo "1833"]
[PlyCount "30"]
[EventDate "2017.??.??"]
[WhiteTeam "SGem Fürth"]
[BlackTeam "SC Sendling"]

1. d4 Nf6 2. Bf4 g6 3. Nc3 d5 4. e3 Bg7 5. h4 a6 6. h5 c5 7. h6 Bf8 8. Nf3 Nc6
9. Be2 Bg4 10. Bg5 Ne4 11. Nxe4 dxe4 12. Nd2 Bxe2 13. Qxe2 Qd5 14. Bf4 cxd4 15.
f3 exf3 1/2-1/2

[Event "16. Sparkassen Open 2017 - Gruppe B"]
[Site "Forchheim"]
[Date "2017.09.30"]
[Round "2.8"]
[White "Thürauf, Peter"]
[Black "Beck, Karl"]
[Result "1/2-1/2"]
[WhiteElo "1842"]
[BlackElo "1981"]
[PlyCount "103"]
[EventDate "2017.??.??"]
[WhiteTeam "SW Nürnberg Süd"]
[BlackTeam "SC Markt Berolzheim"]

1. d4 Nf6 2. Nf3 d6 3. c4 g6 4. g3 Bf5 5. Bg2 c6 6. Nc3 Bg7 7. Nh4 Bg4 8. h3
Bd7 9. O-O O-O 10. e4 e5 11. Be3 Re8 12. Re1 exd4 13. Bxd4 Be6 14. Qe2 Qa5 15.
Rac1 Na6 16. a3 Qd8 17. Red1 Qe7 18. f4 Nh5 19. Bxg7 Nxg3 20. Qf2 Qxh4 21. Kh2
Kxg7 22. Qxg3 Qxg3+ 23. Kxg3 Bxc4 24. Rxd6 Rad8 25. Rcd1 Rxd6 26. Rxd6 Re7 27.
e5 Nc5 28. Rd4 Be6 29. b4 Nd7 30. b5 c5 31. Rd6 b6 32. Bc6 Nb8 33. Ne4 Nxc6 34.
bxc6 Rc7 35. Nf6 Rc8 36. c7 c4 37. Rc6 h5 38. Kh4 Kf8 39. Kg5 Ke7 40. h4 b5 41.
Rc5 a5 42. Ne4 Kd7 43. Nf6+ Ke7 44. Ne4 b4 45. axb4 axb4 46. Nd6 Kd7 47. Nxc4
Rxc7 48. Nb6+ Kd8 49. Rb5 b3 50. Na4 Rc2 51. Nc5 Bc4 52. Rb7 1/2-1/2

[Event "16. Sparkassen Open 2017 - Gruppe B"]
[Site "Forchheim"]
[Date "2017.09.30"]
[Round "2.9"]
[White "Lohvinov, Petro"]
[Black "Pikal, Alexander"]
[Result "0-1"]
[WhiteElo "1775"]
[BlackElo "1966"]
[PlyCount "57"]
[EventDate "2017.??.??"]
[WhiteTeam "SK München Südost"]
[BlackTeam "SC Ansbach"]

1. e4 d6 2. d4 g6 3. Nc3 Bg7 4. f4 e6 5. Nf3 Ne7 6. Bd3 d5 7. e5 a6 8. a4 Nd7
9. Be3 c5 10. g4 c4 11. Be2 h5 12. Ng5 hxg4 13. Bxg4 Nf8 14. Qe2 Bd7 15. b4
cxb3 16. cxb3 Rc8 17. Rc1 Qa5 18. Bd2 Qb6 19. Qd3 Qxb3 20. Kf2 Qc4 21. Nce4
dxe4 22. Qxc4 Rxc4 23. Rxc4 Bc6 24. h3 e3+ 25. Bxe3 Bxh1 26. Bf3 Bxf3 27. Kxf3
Nc6 28. Rc2 f6 29. exf6 0-1

[Event "16. Sparkassen Open 2017 - Gruppe B"]
[Site "Forchheim"]
[Date "2017.09.30"]
[Round "2.10"]
[White "Reinhard, Ralf-Peter"]
[Black "Dreiseitel, Werner"]
[Result "1-0"]
[WhiteElo "1935"]
[BlackElo "1595"]
[PlyCount "51"]
[EventDate "2017.??.??"]
[WhiteTeam "vereinslos"]
[BlackTeam "SGem Fürth"]

1. d4 d5 2. Nf3 c6 3. g3 Bf5 4. Bg2 e6 5. O-O Nf6 6. c4 dxc4 7. Ne5 Bd6 8. Nxc4
Bc7 9. Nc3 h6 10. e4 Bh7 11. Be3 Nbd7 12. Rc1 O-O 13. f4 Nb6 14. Nd2 a6 15. Kh1
Qe7 16. Qb3 Rfd8 17. d5 Nfd7 18. dxc6 bxc6 19. Na4 Nxa4 20. Qxa4 Bb6 21. Bxb6
Nxb6 22. Qxc6 Qb4 23. Nc4 Nxc4 24. Rxc4 Qxb2 25. Rfc1 Qxa2 26. Qxa8 1-0

[Event "16. Sparkassen Open 2017 - Gruppe B"]
[Site "Forchheim"]
[Date "2017.09.30"]
[Round "2.11"]
[White "Mehling, Katharina"]
[Black "Wachtel, Arthur"]
[Result "1-0"]
[WhiteElo "1907"]
[BlackElo "1863"]
[PlyCount "47"]
[EventDate "2017.??.??"]
[WhiteTeam "Spvgg Stetten"]
[BlackTeam "SK Freising"]

1. e4 c5 2. Nf3 d6 3. d4 cxd4 4. Nxd4 Nf6 5. Nc3 g6 6. Be2 Bg7 7. Be3 O-O 8.
O-O Nc6 9. Kh1 Bd7 10. f4 Qc8 11. Bf3 Kh8 12. Nce2 Bg4 13. c3 Bxf3 14. gxf3 Qh3
15. Qd2 Nh5 16. Rf2 Nf6 17. Rg1 Rad8 18. Rg4 Bh6 19. f5 Nxd4 20. cxd4 gxf5 21.
Nf4 fxg4 22. Nxh3 gxh3 23. d5 Rg8 24. Qd1 1-0

[Event "16. Sparkassen Open 2017 - Gruppe B"]
[Site "Forchheim"]
[Date "2017.09.30"]
[Round "2.12"]
[White "Walter, Stefan"]
[Black "Modric, Vladimir"]
[Result "1/2-1/2"]
[WhiteElo "1944"]
[BlackElo "1899"]
[PlyCount "41"]
[EventDate "2017.??.??"]
[WhiteTeam "SGem Fürth"]
[BlackTeam "SC Nied"]

1. e4 b6 2. d4 Bb7 3. Bd3 e6 4. Nf3 c5 5. c3 Nf6 6. Qe2 Be7 7. O-O Qc7 8. c4 d6
9. d5 e5 10. Ne1 Nbd7 11. f4 exf4 12. Bxf4 Ne5 13. Bxe5 dxe5 14. Nc2 Bc8 15.
Ne3 h5 16. Nd2 Ng4 17. Nf3 Nxe3 18. Qxe3 Bf6 19. Rf2 Qe7 20. Raf1 Bd7 21. Kh1
1/2-1/2

[Event "16. Sparkassen Open 2017 - Gruppe B"]
[Site "Forchheim"]
[Date "2017.09.30"]
[Round "2.13"]
[White "Luther, Helmut"]
[Black "Heppert, Lars"]
[Result "1-0"]
[WhiteElo "2015"]
[BlackElo "1904"]
[PlyCount "89"]
[EventDate "2017.??.??"]
[WhiteTeam "SW Nürnberg Süd"]
[BlackTeam "SK Neuburg"]

1. d4 g6 2. c4 d6 3. Nc3 Bg7 4. e4 Nd7 5. f3 e5 6. d5 h6 7. Nh3 a5 8. Be2 Qh4+
9. Nf2 f5 10. Nb5 Qd8 11. exf5 gxf5 12. f4 Ngf6 13. Bh5+ Ke7 14. fxe5 Nxe5 15.
Be2 c6 16. dxc6 bxc6 17. Nd4 Qb6 18. O-O Rf8 19. Be3 Qc7 20. Qc2 Nfg4 21. Nxg4
fxg4 22. Rxf8 Kxf8 23. Qh7 Nf7 24. Rf1 Qe7 25. Bxh6 Bxh6 26. Qxh6+ Ke8 27. Qg6
Ra7 28. Qg8+ Qf8 29. Qxf8+ Kxf8 30. Nxc6 Rb7 31. b3 a4 32. Nd8 axb3 33. Nxb7
Bxb7 34. axb3 Bc8 35. Rf4 g3 36. hxg3 Ke7 37. Kf2 Ne5 38. Ke3 Be6 39. Bf3 Bg8
40. Bd5 Bh7 41. b4 Bg6 42. b5 Nd7 43. Bc6 Nb6 44. Kd4 Bf7 45. Kc3 1-0

[Event "16. Sparkassen Open 2017 - Gruppe B"]
[Site "Forchheim"]
[Date "2017.09.30"]
[Round "2.15"]
[White "Danninger, Jannik"]
[Black "Gebhardt, Christian"]
[Result "1-0"]
[WhiteElo "1606"]
[BlackElo "1935"]
[PlyCount "47"]
[EventDate "2017.??.??"]
[WhiteTeam "TV Tegernsee"]
[BlackTeam "SV Seubelsdorf"]

1. e4 e6 2. d4 d5 3. Nd2 Nf6 4. e5 Nfd7 5. Bd3 c5 6. c3 Nc6 7. Ne2 Qb6 8. Nf3
cxd4 9. cxd4 f6 10. exf6 Nxf6 11. O-O Bd6 12. Nf4 O-O 13. Re1 Ne4 14. Bxe4 Bxf4
15. Bc2 Bxc1 16. Rxc1 Qxb2 17. Qd3 g6 18. Rb1 Qxa2 19. Ng5 e5 20. Bb3 Qxf2+ 21.
Kh1 Qxd4 22. Bxd5+ Kh8 23. Rxb7 Bxb7 24. Qh3 1-0

[Event "16. Sparkassen Open 2017 - Gruppe B"]
[Site "Forchheim"]
[Date "2017.09.30"]
[Round "2.16"]
[White "Koelbl, Wolfgang"]
[Black "Babichev, Vyacheslav"]
[Result "1-0"]
[WhiteElo "1817"]
[BlackElo "1835"]
[PlyCount "45"]
[EventDate "2017.??.??"]
[WhiteTeam "SK Klosterlechfeld"]
[BlackTeam "SW Nürnberg Süd"]

1. d4 Nf6 2. Bf4 g6 3. Nc3 d6 4. e4 Nh5 5. Be3 Nd7 6. g4 Ng7 7. Bc4 e6 8. Qf3
Qf6 9. Qg2 c6 10. h4 Qd8 11. h5 gxh5 12. gxh5 h6 13. O-O-O d5 14. exd5 cxd5 15.
Bb3 a6 16. Re1 Nf5 17. Nxd5 exd5 18. Qxd5 Nd6 19. Bf4+ Be7 20. Bxd6 O-O 21.
Rxe7 Nf6 22. Qg2+ Kh7 23. Qg6+ 1-0

[Event "16. Sparkassen Open 2017 - Gruppe B"]
[Site "Forchheim"]
[Date "2017.09.30"]
[Round "2.18"]
[White "Adler, Herbert"]
[Black "Askri, Samir"]
[Result "1-0"]
[WhiteElo "1940"]
[BlackElo "1758"]
[PlyCount "59"]
[EventDate "2017.??.??"]
[WhiteTeam "SG Büchenbach/Roth"]
[BlackTeam "DJK Amberg"]

1. d4 d5 2. g3 Nf6 3. Bg2 g6 4. c4 c6 5. Nf3 Bg7 6. O-O O-O 7. Nc3 Nbd7 8. b3
dxc4 9. bxc4 c5 10. e3 Qc7 11. Qb3 a6 12. Rd1 cxd4 13. exd4 Nb6 14. c5 Nbd7 15.
Bf4 Qd8 16. Rac1 Nh5 17. Bg5 h6 18. Be3 Qa5 19. Nd2 e6 20. Nc4 Qc7 21. Na4 Rb8
22. Nab6 Nxb6 23. cxb6 Qe7 24. Ne5 Kh7 25. Rc7 Qe8 26. Qb4 Bf6 27. Be4 Bd8 28.
Nxg6 Kg8 29. Nxf8 Qxf8 30. Bh7+ 1-0

[Event "16. Sparkassen Open 2017 - Gruppe B"]
[Site "Forchheim"]
[Date "2017.09.30"]
[Round "2.19"]
[White "Grasser, Stefan"]
[Black "Rierl, Klaus"]
[Result "1/2-1/2"]
[WhiteElo "1738"]
[BlackElo "1734"]
[PlyCount "58"]
[EventDate "2017.??.??"]
[WhiteTeam "SV Hellern"]
[BlackTeam "SG Sonneberg"]

1. c4 Nf6 2. Nc3 e6 3. g3 d5 4. cxd5 exd5 5. d4 c6 6. Bg2 Bd6 7. Nf3 Bf5 8. O-O
Nbd7 9. Re1 O-O 10. Nh4 Be6 11. e4 dxe4 12. Nxe4 Nxe4 13. Bxe4 Nf6 14. Bg2 h6
15. Bd2 Qd7 16. Bc3 Bd5 17. Nf3 Bxf3 18. Qxf3 Rfe8 19. Qd3 Bf8 20. Rad1 Rad8
21. Rxe8 Qxe8 22. Qe3 Nd5 23. Qxe8 Rxe8 24. Bd2 Rd8 25. Kf1 g6 26. Re1 Bb4 27.
Bxb4 Nxb4 28. Re7 Nxa2 29. Rxb7 Rxd4 1/2-1/2

[Event "16. Sparkassen Open 2017 - Gruppe B"]
[Site "Forchheim"]
[Date "2017.09.30"]
[Round "2.20"]
[White "Dann, Dirk"]
[Black "Schulz, Horst"]
[Result "1/2-1/2"]
[WhiteElo "1829"]
[BlackElo "1761"]
[PlyCount "61"]
[EventDate "2017.??.??"]
[WhiteTeam "Schleswiger SV"]
[BlackTeam "SC Höchstadt/Aisch"]

1. e4 d5 2. exd5 Nf6 3. Nf3 Nxd5 4. d4 Bg4 5. Be2 e6 6. O-O Be7 7. c4 Nf6 8.
Nc3 O-O 9. Be3 Nbd7 10. Qd2 Nb6 11. b3 Rc8 12. Rfd1 h6 13. a4 Bb4 14. Qb2 Qe7
15. a5 Nbd7 16. a6 Bxc3 17. Qxc3 b6 18. b4 Rfd8 19. Bf4 Nh5 20. Be3 Nhf6 21. h3
Bh5 22. Bf4 Ne4 23. Qe3 f5 24. c5 Ndf6 25. Bc4 Nd5 26. Bxd5 Rxd5 27. g4 Bf7 28.
gxf5 exf5 29. Ne5 Qe6 30. Kh1 Kh7 31. h4 1/2-1/2

[Event "16. Sparkassen Open 2017 - Gruppe B"]
[Site "Forchheim"]
[Date "2017.09.30"]
[Round "2.21"]
[White "Ullrich, Daniel"]
[Black "Fett, Helmut"]
[Result "1/2-1/2"]
[WhiteElo "1657"]
[BlackElo "1850"]
[PlyCount "30"]
[EventDate "2017.??.??"]
[WhiteTeam "SC Bergrheinfeld"]
[BlackTeam "SG Siemens Erlangen"]

1. d4 d6 2. e4 Nf6 3. Nc3 Nbd7 4. f4 e5 5. fxe5 dxe5 6. dxe5 Nxe5 7. Qxd8+ Kxd8
8. Bf4 Bd6 9. O-O-O Ke7 10. Nf3 Nd3+ 11. cxd3 Bxf4+ 12. Kc2 c6 13. h3 Rd8 14.
g4 h6 15. d4 Be6 1/2-1/2

[Event "16. Sparkassen Open 2017 - Gruppe B"]
[Site "Forchheim"]
[Date "2017.09.30"]
[Round "2.22"]
[White "Kolb, Tobias"]
[Black "Gottlieb, Michael"]
[Result "1/2-1/2"]
[WhiteElo "1638"]
[BlackElo "1768"]
[PlyCount "43"]
[EventDate "2017.??.??"]
[WhiteTeam "SV Seubelsdorf"]
[BlackTeam "SC Postbauer-Heng"]

1. e4 e5 2. Bc4 Nc6 3. d3 Nf6 4. Nc3 Bb4 5. Bd2 O-O 6. f4 exf4 7. Nge2 Ne5 8.
O-O f3 9. gxf3 c6 10. f4 Nxc4 11. dxc4 Bc5+ 12. Kg2 d5 13. cxd5 Ng4 14. Qe1 Qd7
15. Qg3 f5 16. Na4 Be7 17. Qb3 Kh8 18. e5 cxd5 19. Nd4 Rd8 20. h3 Nh6 21. Ba5
Kg8 22. Qb5 1/2-1/2

[Event "16. Sparkassen Open 2017 - Gruppe B"]
[Site "Forchheim"]
[Date "2017.09.30"]
[Round "2.23"]
[White "Fieberg, Christoph"]
[Black "Mantel, Hubert"]
[Result "1-0"]
[WhiteElo "1840"]
[BlackElo "1761"]
[PlyCount "60"]
[EventDate "2017.??.??"]
[WhiteTeam "SG Porz"]
[BlackTeam "SC Noris-Tarrasch Nürnberg"]

1. e4 e6 2. d4 d5 3. Nd2 c5 4. c3 Nc6 5. Ngf3 Qb6 6. exd5 exd5 7. Nb3 c4 8.
Nbd2 Nf6 9. b3 Qa5 10. Bb2 b5 11. Ne5 Qc7 12. f4 Bb7 13. Be2 Bd6 14. O-O O-O
15. Bf3 Ne7 16. Qc2 Bc8 17. Rae1 Bf5 18. Qd1 Rad8 19. Rf2 Ng6 20. g3 Qc8 21.
bxc4 bxc4 22. Qa4 a6 23. Ba3 Rfe8 24. Rfe2 Bd3 25. Re3 Bxe5 26. fxe5 Ng4 27.
Bxg4 Qxg4 28. Qd1 Qh3 29. Qf3 Be4 30. Rxe4 dxe4 1-0

[Event "16. Sparkassen Open 2017 - Gruppe B"]
[Site "Forchheim"]
[Date "2017.09.30"]
[Round "2.24"]
[White "Manco, Michela"]
[Black "Weißmann, Peter"]
[Result "1/2-1/2"]
[WhiteElo "1841"]
[BlackElo "1747"]
[PlyCount "32"]
[EventDate "2017.??.??"]
[WhiteTeam "TV Tegernsee"]
[BlackTeam "SK Zirndorf"]

1. e4 e5 2. Bc4 Nf6 3. d3 Bc5 4. Nf3 d6 5. Nbd2 a6 6. c3 b5 7. Bb3 O-O 8. O-O
Nc6 9. Re1 Ng4 10. Re2 Be6 11. h3 Nh6 12. Nf1 Bxb3 13. axb3 f5 14. exf5 Nxf5
15. Ne3 Nh4 16. Nh2 Qf6 1/2-1/2

[Event "16. Sparkassen Open 2017 - Gruppe B"]
[Site "Forchheim"]
[Date "2017.09.30"]
[Round "2.25"]
[White "Zagrada, Halil"]
[Black "Hummel, Thomas"]
[Result "1-0"]
[WhiteElo "1597"]
[BlackElo "1887"]
[PlyCount "73"]
[EventDate "2017.??.??"]
[WhiteTeam "BSG Wöhrlhaus"]
[BlackTeam "SK Neumarkt"]

1. d4 g6 2. Nf3 Bg7 3. e3 d6 4. c3 Bg4 5. h3 Bxf3 6. Qxf3 c6 7. d5 c5 8. Bb5+
Nd7 9. O-O Ngf6 10. e4 O-O 11. Qe2 a6 12. Bd3 b5 13. c4 Qb6 14. cxb5 axb5 15.
Bxb5 Rfb8 16. Nc3 Ra5 17. a4 Nf8 18. e5 dxe5 19. Qxe5 Rb7 20. Rd1 Qa7 21. Qe2
Nh5 22. Rb1 Bxc3 23. bxc3 Rxa4 24. Bh6 Qb8 25. Bxa4 Rxb1 26. Qxe7 Rxd1+ 27.
Bxd1 Ng7 28. d6 Nf5 29. Qc7 Qxc7 30. dxc7 Nd6 31. Bf4 Nc8 32. Bf3 Nd7 33. Bb7
Ndb6 34. Be3 Nd6 35. Ba6 Ndc8 36. Bxc5 f6 37. Bxb6 1-0

[Event "16. Sparkassen Open 2017 - Gruppe B"]
[Site "Forchheim"]
[Date "2017.09.30"]
[Round "2.26"]
[White "Faust, Bernhard"]
[Black "Bauschke, Norman"]
[Result "1-0"]
[WhiteElo "1841"]
[BlackElo "1632"]
[PlyCount "35"]
[EventDate "2017.??.??"]
[WhiteTeam "SK Rothenburg"]
[BlackTeam "SC Höchstadt/Aisch"]

1. d4 Nf6 2. c4 g6 3. Nc3 Bg7 4. e4 d6 5. Bd3 c5 6. d5 O-O 7. Nge2 Nbd7 8. f4
Re8 9. O-O a6 10. Rb1 Qc7 11. Ng3 Nf8 12. h3 e6 13. Qf3 exd5 14. exd5 b5 15. b3
b4 16. Be2 a5 17. f5 Ra7 18. Bg5 1-0

[Event "16. Sparkassen Open 2017 - Gruppe B"]
[Site "Forchheim"]
[Date "2017.09.30"]
[Round "2.27"]
[White "Kaltschmidt, Andreas"]
[Black "Schlötterer, Hermann"]
[Result "0-1"]
[WhiteElo "1612"]
[BlackElo "1860"]
[PlyCount "80"]
[EventDate "2017.??.??"]
[WhiteTeam "SK Weiden"]
[BlackTeam "Zabo-Eintracht Nürnberg"]

1. b4 Nf6 2. Bb2 e6 3. b5 Be7 4. e3 a6 5. a4 axb5 6. axb5 Rxa1 7. Bxa1 c6 8. c4
cxb5 9. cxb5 b6 10. Nf3 Bb7 11. Be2 O-O 12. O-O d6 13. d4 Nbd7 14. Nbd2 Qa8 15.
Qb1 Nd5 16. Rc1 f5 17. Bd3 N7f6 18. Ne1 Qe8 19. e4 fxe4 20. Nxe4 Qh5 21. Nxf6+
Rxf6 22. Be4 Kf7 23. Bf3 Qg5 24. Rd1 Rh6 25. Qb3 Qh4 26. h3 Qg5 27. Kf1 Rf6 28.
Bb2 Qh4 29. Bc1 g5 30. Qc2 Nb4 31. Qd2 Bxf3 32. Nxf3 Rxf3 33. gxf3 Qxh3+ 34.
Ke2 Nd5 35. Qc2 g4 36. fxg4 Qxg4+ 37. Kf1 h5 38. Qb3 Nc3 39. Re1 Qh3+ 40. Kg1
Ne2+ 0-1

[Event "16. Sparkassen Open 2017 - Gruppe B"]
[Site "Forchheim"]
[Date "2017.09.30"]
[Round "2.28"]
[White "Götzel, Alfred"]
[Black "Kuhlemann, Claus"]
[Result "1/2-1/2"]
[WhiteElo "1923"]
[BlackElo "1786"]
[PlyCount "126"]
[EventDate "2017.??.??"]
[WhiteTeam "SC Höchstadt/Aisch"]
[BlackTeam "SV Memmelsdorf"]

1. e4 b6 2. d4 Bb7 3. Bd3 e6 4. Nf3 d6 5. O-O Nd7 6. Nc3 Ngf6 7. Bg5 Be7 8. e5
Nd5 9. Bxe7 Nxe7 10. Re1 dxe5 11. Nxe5 Nxe5 12. Rxe5 Nc6 13. Bb5 O-O 14. Bxc6
Bxc6 15. Qg4 Qf6 16. Ne4 Bxe4 17. Qxe4 Qd8 18. Re1 Qd6 19. c3 Rad8 20. h4 c6
21. Rh5 g6 22. Re5 Qe7 23. h5 Rd5 24. hxg6 hxg6 25. Rxd5 cxd5 26. Qxd5 Qc7 27.
Qe5 Qxe5 28. Rxe5 Kg7 29. f4 Kf6 30. Kf2 Rc8 31. g4 Rh8 32. Kg2 Rh4 33. g5+ Ke7
34. Re4 Kd6 35. c4 Rg4+ 36. Kf3 Rg1 37. b4 Rb1 38. c5+ bxc5 39. dxc5+ Kc6 40.
a3 a6 41. Re3 Kd5 42. Rd3+ Kc6 43. Rd6+ Kb5 44. Rb6+ Kc4 45. c6 Kd5 46. Rxa6
Rb3+ 47. Kg4 Kd6 48. Ra7 Kxc6 49. Rxf7 Rxa3 50. Rf6 Kd5 51. Rxg6 Rb3 52. Rf6
Rxb4 53. g6 Rb1 54. Kg5 Rf1 55. g7 Rg1+ 56. Kh6 Kd6 57. f5 Ke7 58. Rxe6+ Kf7
59. Rg6 Rxg6+ 60. fxg6+ Kg8 61. Kg5 Kxg7 62. Kf5 Kg8 63. Kf6 Kf8 1/2-1/2

[Event "16. Sparkassen Open 2017 - Gruppe B"]
[Site "Forchheim"]
[Date "2017.09.30"]
[Round "2.29"]
[White "Hofmann, Lorenz"]
[Black "Cordts, Elof"]
[Result "1-0"]
[WhiteElo "1775"]
[BlackElo "1664"]
[PlyCount "91"]
[EventDate "2017.??.??"]
[WhiteTeam "SV Lauf"]
[BlackTeam "SC Erlangen"]

1. e4 c5 2. Nf3 d6 3. d4 cxd4 4. Nxd4 Nf6 5. f3 e5 6. Bb5+ Bd7 7. Bxd7+ Nbxd7
8. Nf5 Nb6 9. Nc3 a6 10. O-O g6 11. Ne3 Be7 12. Ned5 Nfxd5 13. Nxd5 Nxd5 14.
Qxd5 Qb6+ 15. Kh1 Qc6 16. Qb3 f5 17. exf5 gxf5 18. Bd2 O-O-O 19. Bc3 f4 20.
Rad1 h5 21. Rd3 h4 22. Ba5 Kb8 23. Bxd8 Rxd8 24. h3 Ka7 25. Rfd1 Qb5 26. Qxb5
axb5 27. Rb3 Rc8 28. Rd2 Rc5 29. Kg1 Kb8 30. Kf1 Kc7 31. Ke2 d5 32. Rbd3 d4 33.
c3 Bf6 34. cxd4 exd4 35. Kd1 Rg5 36. Re2 Kd6 37. Ke1 Rg8 38. Kf2 b6 39. Re4 Be5
40. Rb3 Rc8 41. Rxb5 Rc2+ 42. Kf1 Bg7 43. Rxb6+ Kc5 44. Rb3 Rc1+ 45. Re1 Rc2
46. Rb7 1-0

[Event "16. Sparkassen Open 2017 - Gruppe B"]
[Site "Forchheim"]
[Date "2017.09.30"]
[Round "2.30"]
[White "Baumgärtner, Frank"]
[Black "Lehmann, Tornalf"]
[Result "1/2-1/2"]
[WhiteElo "1802"]
[BlackElo "1630"]
[PlyCount "33"]
[EventDate "2017.??.??"]
[WhiteTeam "Kronacher SK"]
[BlackTeam "SC Heilsbronn"]

1. d4 Nf6 2. Nf3 e6 3. e3 c5 4. b3 d5 5. Bd3 Nc6 6. a3 cxd4 7. exd4 Bd6 8. Bb2
O-O 9. Nbd2 b6 10. O-O Bb7 11. Ne5 Qc7 12. Re1 Rac8 13. Qe2 Ne7 14. h3 Ng6 15.
Bxg6 hxg6 16. Ndf3 Rfe8 17. Nd3 1/2-1/2

[Event "16. Sparkassen Open 2017 - Gruppe B"]
[Site "Forchheim"]
[Date "2017.09.30"]
[Round "2.31"]
[White "Nahlik, Bernhard"]
[Black "Meier, Manfred"]
[Result "1/2-1/2"]
[WhiteElo "1618"]
[BlackElo "1854"]
[PlyCount "28"]
[EventDate "2017.??.??"]
[WhiteTeam "SC Ansbach"]
[BlackTeam "SV Neustadt/Aisch"]

1. d4 d5 2. Nf3 Nf6 3. e3 c6 4. Bd3 e6 5. O-O Nbd7 6. c4 dxc4 7. Bxc4 Nb6 8.
Bd3 Be7 9. Nc3 Nbd5 10. Bd2 Nxc3 11. bxc3 O-O 12. Ne5 Nd7 13. f4 f5 14. Nxd7
Bxd7 1/2-1/2